000 00319nam a2200133Ia 4500
005 20260328104325.0
008 260328s9999||||xx |||||||||||||| ||und||
100 _aYeang, Ken
245 0 _aEl Rascacielos Ecológico /
_cKen Yeang
260 _bGustavo Gili
300 _a303 p.
650 _aARQUITECTURA
942 _cBK
999 _c11488
_d11488